تاريخ علم النفس ومدارسه / (رقم التسجيلة. 2540)

تفاصيل مارك
000 -الفاتح
عناصر البيانات ثابتة الطول 00584cam a2200169 i 4500
005 - تاريخ ووقت آخر معاملة
حقل ضبط 20260408093511.0
008 - عناصر البيانات ثابتة الطول
عناصر البيانات ثابتة الطول 250721s1986 ua gr 000 0 ara d
082 14 - رقم تصنيف ديوي العشري
رقم التصنيف 150.19
رقم المادة م ح م
100 1# - مدخل رئيسي – اسم شخصي
الاسم الشخصي ربيع، محمد شحاته
علاقة الشخص بالعمل/ دوره مؤلف.
245 10 - بيان العنوان
العنوان تاريخ علم النفس ومدارسه /
بيان المسؤولية دكتور محمد شحاته ربيع.
264 31 - بيانات النشر، التوزيع…إلخ
مكان النشر، التوزيع...إلخ القاهرة :
اسم الناشر، الموزع...إلخ دار الصحوه للنشر،
تاريخ النشر، التوزيع...إلخ 1986.
300 ## - الوصف المادي
عدد الوحدات المكونة للوعاء 475 صفحة.
650 17 - مدخل إضافي بالموضوع - مصطلح موضوعي
مصطلح موضوعي أو اسم جغرافي كعنصر مدخل علم النفس.
650 17 - مدخل إضافي بالموضوع - مصطلح موضوعي
مصطلح موضوعي أو اسم جغرافي كعنصر مدخل المدارس الفلسفية.
942 ## - بيانات إضافية (كوها)
نوع التنصيف Dewey Decimal Classification
نوع المادة (كوها) كتب
المقتنيات
حالة السحب حالة الفقدان مصدر التصنيف حالة التلف غير قابل للإعارة المكتبة الرئيسية المكتبة الحالية موقع الرف تاريخ التزويد الرقم المتسلسل Total Checkouts رقم الإستدعاء الباركود تاريخ آخر ظهور تاريخ الفاتورة نوع المادة (كوها)
    Dewey Decimal Classification     المكتبة المركزية المكتبة المركزية الإعارة 06/07/2004 165542   150.19 / م ح م 165542 28/07/2025 06/07/2004 كتب
    Dewey Decimal Classification     مكتبة الحسن العامة مكتبة الحسن العامة الإعارة 16/09/2018 0258   150.19/محم PLD00431740 28/07/2025 16/09/2018 كتب
Implemented & Customized by: BBB with SCIT (Smart Chains for Information Technology)

Powered by Koha